00317nam a22001097a 4500082002500000100001700025245006700042260004400109300000900153526003700162650000800199 a423bCONcL-31, P-17 aFowloer, H.W aThe concise oxford dictionary of current englishcH.W, Fowloer aLondon :bOxford University Pressc1929 a1550 a0b0c0d423_000000000000000_CON aMCE